| 000 | 00415nam a22001697a 4500 | ||
|---|---|---|---|
| 005 | 20160528114907.0 | ||
| 008 | 160528b xxu||||| |||| 00| 0 eng d | ||
| 020 | _a81-203-1238-4 | ||
| 041 | _aeng | ||
| 082 | _b5774 | ||
| 100 |
_aONKVISIT, Sake other _91447 |
||
| 245 | _aInternational Marketing Analysis and Strategy | ||
| 260 |
_aNew Delhi _bPHI, |
||
| 300 | _a730 | ||
| 650 |
_aManagement _9241 |
||
| 942 | _cBK | ||
| 999 |
_c2047 _d2046 |
||